El fracaso y el desinterés escolar en la escuela primaria.

Salvato in:
Dettagli Bibliografici
Autore principale: Lurcat, Liliane (autora)
Natura: Libro
Lingua:spagnolo
Pubblicazione: Ciudad de México, México Gedisa 1983
Serie:Serie de Renovación Pedagógica
Soggetti:
Tags: Aggiungi Tag
Nessun Tag, puoi essere il primo ad aggiungerne!!

MARC

LEADER 00000nam a2200000 a 4500
001 UCZ6842
003 CL-VaPUC
005 20220526074455.0
008 951215e19830000MX |||||||||||||||||spa|d
999 |c 242998  |d 242996 
040 |c Pontificia Universidad Católica de Valparaíso 
082 0 4 |a 371.291 LUR 1983  |2 21 
100 |a Lurcat, Liliane  |e autora  |9 351391 
245 1 3 |a El fracaso y el desinterés escolar en la escuela primaria. 
260 0 3 |a Ciudad de México, México  |b Gedisa  |c 1983 
300 |a 135 páginas. 
490 0 |a Serie de Renovación Pedagógica 
583 |a last modification  |c 19951215 00:00:00  |k Rodrigo Vera 
650 7 |a FRACASO ESCOLAR  |2 CL-VaPUC  |9 308828 
650 0 |a Rendimiento escolar  |9 330254 
650 0 |a Problemas sociales  |9 258537 
650 0 |a Aburrimiento  |9 336483 
650 0 |a Psicología educacional   |9 307830 
650 0 |a Motivación   |9 315362 
650 0 |a Rol del docente  |9 329733 
650 0 |a Educación básica   |9 224933 
942 |c BK  |2 ddc 
945 |d 19951215 00:00:00  |a lriquelm 
952 |0 0  |1 0  |2 ddc  |4 0  |6 371_291000000000000_LUR_1983  |7 0  |8 P  |9 256349  |a BIBEDU  |b BIBEDU  |c BIBEDU_PB  |d 2019-11-19  |i 1607359  |o 371.291 LUR 1983  |p 1607359  |r 2024-01-25  |t 1  |w 2019-11-19  |y BK  |k EDU